[Event "Crete Poa op"]
[Site "Crete"]
[Date "2012.04.29"]
[Round "7"]
[White "Thomakis, Nikolaos"]
[Black "Tsihlis, Ioannis"]
[Result "1/2-1/2"]
[WhiteElo "1672"]
[BlackElo "1498"]
[PlyCount "109"]
[EventDate "2012.04.26"]
[EventType "swiss"]
[EventRounds "7"]
[EventCountry "GRE"]
[SourceTitle "EXT 2024"]
[Source "ChessBase"]
[SourceDate "2023.10.10"]
[SourceVersion "1"]
[SourceVersionDate "2023.10.10"]
[SourceQuality "1"]

1. e4 c5 2. Nc3 e6 3. g3 Nc6 4. Bg2 d6 5. f4 Qc7 6. Nf3 a6 7. d3 Bd7 8. Be3 Be7 9. d4 cxd4 10. Nxd4 Nf6 11. 0-0 0-0 12. Re1 Nxd4 13. Bxd4 e5 14. Be3 Rac8 15. Rc1 Rfd8 16. Qe2 b5 17. Qf2 Rb8 18. Nd1 Bc6 19. Bd2 Qb7 20. Qe2 Nd7 21. Nf2 Rdc8 22. Nd3 f6 23. Bb4 Nb6 24. fxe5 dxe5 25. Bxe7 Qxe7 26. Qf2 Be8 27. c3 Bf7 28. b3 a5 29. Bh3 Rc7 30. Re2 a4 31. Rb2 axb3 32. axb3 Qd6 33. Nb4 Nd7 34. Rd2 Qe7 35. Bxd7 Rxd7 36. Nc6 Qa3 37. Rxd7 Qxc1+ 38. Kg2 Rf8 39. Ne7+ Kh8 40. Nf5 Qxc3 41. Qf3 Qxf3+ 42. Kxf3 g6 43. Nd6 Bxb3 44. Rb7 Bc4 45. Nxb5 Bxb5 46. Rxb5 Kg7 47. Rb7+ Rf7 48. Rb6 Ra7 49. Kg4 Ra4 50. Kf3 g5 51. Rc6 h5 52. h3 Ra3+ 53. Kg2 Re3 54. Rc4 Kg6 55. g4 1/2-1/2